Outsourcing logistiky pod lupou
Výsledky z dotazníkového prieskumu nemeckých priemyselných a obchodných podnikov. Stupeň outsourcingu logistiky v zabezpečovaní, výrobe a distribúcii. Motivácia k outsourcingu. Spokojnosť s outsourcingovým partnerom. Vplyv logistiky a stupňa outsourcingu na podnikový výsledok. Kvalita outsourcingové...
Guardado en:
| Formato: | Capítulo de libro |
|---|---|
| Lenguaje: | checo |
| Materias: | |
| Etiquetas: |
Sin Etiquetas, Sea el primero en etiquetar este registro!
|
MARC
| LEADER | 00000naa a2200000 4500 | ||
|---|---|---|---|
| 001 | r048285 | ||
| 005 | 20231003123744.8 | ||
| 041 | 0 | |a cze | |
| 044 | |a CZ | ||
| 245 | 1 | 0 | |a Outsourcing logistiky pod lupou |
| 520 | |a Výsledky z dotazníkového prieskumu nemeckých priemyselných a obchodných podnikov. Stupeň outsourcingu logistiky v zabezpečovaní, výrobe a distribúcii. Motivácia k outsourcingu. Spokojnosť s outsourcingovým partnerom. Vplyv logistiky a stupňa outsourcingu na podnikový výsledok. Kvalita outsourcingového projektu. | ||
| 610 | 2 | 0 | |a outsourcing |
| 610 | 2 | 0 | |a logistika |
| 610 | 2 | 0 | |a služby |
| 610 | 2 | 0 | |a výsledok hospodársky |
| 610 | 2 | 0 | |a podnik priemyselný |
| 610 | 2 | 0 | |a podnik obchodný |